000 00557nam a22001457a 4500
005 20250207171702.0
008 241109b |||||||| |||| 00| 0 eng d
100 _aShone, Robbie.
_eauthor.
_963862
245 _aPulpĂ­, Spain :
_bgrowing a crystal temple /
_cRobbie Shone.
260 _aWashington ;
_bNational Geographic Partners, LLC.,
_cDecember 2022.
300 _avolume 241, pages 104-105,
_billustration.
500 _aNational Geographic, v. 242, n. 12, pages 104-105, December 2022.
700 _aShone, Robbie.
_eauthor.
_963861
942 _2ddc
_cPER
999 _c23118
_d23118